000 00393nam a2200145Ia 4500
008 240624s9999 xx 000 0 und d
041 _aeng
082 _a302.3 FUJ
100 _aFUJISHIN RANDY
245 _aCREATING EFFECTIVE GROUPS THE ART OF SMA
250 _a(3rd ed.)
260 _c2013
_aNew York
_bRowman & Littlefield Publishers
300 _axii, 201 p.; 23 cm.
365 _cBPS
_b33
999 _c32168
_d32168